[Event "19th Albena Open"]
[Site "Albena BUL"]
[Date "2011.07.03"]
[Round "9.47"]
[White "Solonsky,Alexandr"]
[Black "Ivelinov,H"]
[Result "0-1"]
[WhiteElo "1970"]
[BlackElo "2243"]

1.e4 d6 2.d4 Nf6 3.Nc3 e5 4.Nf3 Nbd7 5.Bc4 Be7 6.O-O O-O 7.Re1 c6 8.a4 h6
9.d5 c5 10.a5 Nh7 11.Bd3 Ng5 12.Nd2 Re8 13.Nc4 Nf8 14.Nb5 Ng6 15.Bd2 a6 16.Nba3 Bf6
17.b4 Qc7 18.bxc5 Qxc5 19.Be3 Qc7 20.Rb1 Nf4 21.Rb6 Rd8 22.Rb3 Qe7 23.Bb6 Re8
24.Ne3 g6 25.Rc3 h5 26.Qb1 h4 27.h3 Bxh3 28.Rc7 Bd7 29.Ng4 Bg7 30.Re3 Nxd3
31.cxd3 f5 32.Nh2 f4 33.Re2 h3 34.g4 fxg3 35.fxg3 Rf8 36.Rf2 Rxf2 37.Bxf2 Rf8
38.Qxb7 Qf6 39.Rc2 Nf3+ 40.Kh1 Rf7 41.Qb8+ Kh7 42.Nc4 Nxh2 43.Kxh2 Qf3 44.Be3 Qd1
45.Rd2 Qe1 46.Qd8 Rf1 47.Qh4+ Kg8 48.Qd8+ Bf8 49.Qxd7 Rh1+  0-1

[Event "ch-NED Women"]
[Site "Boxtel NED"]
[Date "2011.07.03"]
[Round "8"]
[White "Van Weersel,A"]
[Black "Peng Zhaoqin"]
[Result "0-1"]
[WhiteElo "2246"]
[BlackElo "2375"]

1.e4 d6 2.d4 Nf6 3.Nc3 Nbd7 4.Nf3 e5 5.Bc4 Be7 6.O-O O-O 7.Re1 c6 8.a4 b6
9.d5 Bb7 10.b3 a6 11.Ba3 c5 12.Bd3 Ne8 13.Ne2 g6 14.Ng3 Ng7 15.Bc1 f5 16.Bh6 f4
17.Nf1 Rf7 18.Bxg7 Rxg7 19.h3 Bc8 20.N3h2 h5 21.Nd2 Nf6 22.Nc4 g5 23.a5 b5
24.Nb6 Ra7 25.Kf1 g4 26.hxg4 hxg4 27.Ke2 g3 28.fxg3 Ng4 29.Nxc8 Qxc8 30.Nxg4 Rxg4
31.Kd2 c4 32.bxc4 bxc4 33.Bxc4 Rxg3 34.Qe2 Qc5 35.Bd3 Bd8 36.Rh1 f3 37.gxf3 Rag7
38.Bxa6 Bxa5+ 39.Rxa5 Qxa5+ 40.Ke3 Qb6+ 41.Kd2 Rg2  0-1

[Event "XIX Open A"]
[Site "Montcada i Reixac ESP"]
[Date "2011.07.03"]
[Round "9"]
[White "Stopa,Ja"]
[Black "Cuenca Jimenez,J"]
[Result "0-1"]
[WhiteElo "2460"]
[BlackElo "2493"]

1.e4 d6 2.d4 Nf6 3.Nc3 e5 4.dxe5 dxe5 5.Qxd8+ Kxd8 6.Nf3 Bd6 7.Bg5 Nd7 8.Bc4 Ke8
9.O-O-O a6 10.Nh4 b5 11.Bb3 h6 12.Bxf6 Nxf6 13.Nf5 Bxf5 14.exf5 b4 15.Na4 Ke7
16.Rhe1 Rhe8 17.Nc5 a5 18.Ba4 Red8 19.Nd3 e4 20.f3 Bxh2 21.fxe4 Ng4 22.e5 Nxe5
23.Rxe5+ Bxe5 24.Nxe5 Rxd1+ 25.Kxd1 Kf6 26.Nc4 Kxf5 27.Ke2 Kf4 28.Kf2 h5
29.g3+ Kg5 30.Ne5 Kf6 31.Nc4 g5 32.Bc6 Rd8 33.Kf3 g4+ 34.Ke3 Rd1 35.Nxa5 Kg5
36.Nc4 f5 37.Ne5 Re1+ 38.Kd4 Rg1 39.Nd3 Rxg3 40.Nxb4 Rg1 41.a4 Ra1 42.Nd3 h4
43.Ke3 h3 44.Nf2 f4+ 45.Ke2 h2 46.b4 f3+ 47.Bxf3 gxf3+ 48.Kxf3 Rf1  0-1

[Event "9th Niki Open"]
[Site "Nachod CZE"]
[Date "2011.07.03"]
[Round "2.21"]
[White "Jandl,Vojtech"]
[Black "Malivanek,J"]
[Result "0-1"]
[WhiteElo "1646"]
[BlackElo "2135"]

1.e4 d6 2.d4 Nf6 3.Nc3 c6 4.Bg5 Nbd7 5.Nf3 Qc7 6.Qd2 h6 7.Bh4 b5 8.Bd3 a6
9.O-O e5 10.dxe5 dxe5 11.a3 Be7 12.Bg3 Nh5 13.Ne2 g5 14.c4 Nf4 15.cxb5 axb5
16.Rac1 Nc5 17.Bc2 Be6 18.Bxf4 gxf4 19.Qc3 f6 20.b4 Bc4 21.Rfe1 Na4 22.Bxa4 Rxa4
23.Nd2 Be6 24.Qxc6+ Qxc6 25.Rxc6 Kf7 26.Rc3 Rha8 27.Rc7 Rxa3 28.Rb7 Ra1 29.Nf3 Rxe1+
30.Nxe1 Ra1 31.Kf1 Bc4 32.f3 Ra2  0-1

[Event "ch-BEL"]
[Site "Antwerp BEL"]
[Date "2011.07.04"]
[Round "3.2"]
[White "Dgebuadze,A"]
[Black "Vandenbussche,T"]
[Result "1/2-1/2"]
[WhiteElo "2522"]
[BlackElo "2348"]

1.e4 d6 2.d4 Nf6 3.Nc3 Nbd7 4.Nf3 e5 5.Bc4 Be7 6.O-O O-O 7.Re1 c6 8.a4 a5
9.h3 Nb6 10.Ba2 Nfd7 11.Be3 exd4 12.Bxd4 Nc5 13.Bxc5 dxc5 14.Qe2 Qd6 15.Qe3 Qg6
16.Ne5 Qf6 17.Nc4 Nxc4 18.Bxc4 Qe5 19.f4 Qd4 20.Qxd4 cxd4 21.Ne2 Be6 22.b3 Bb4
23.Red1 Bxc4 24.bxc4 Rfe8 25.Ng3 b5 26.cxb5  1/2-1/2

[Event "39th TCh-GRE"]
[Site "Eretria GRE"]
[Date "2011.07.04"]
[Round "2.13"]
[White "Koutsangellou,I"]
[Black "Nikolaidis,K"]
[Result "0-1"]
[WhiteElo "2112"]
[BlackElo "2274"]

1.e4 d6 2.d4 Nf6 3.Nc3 e5 4.Nf3 Nbd7 5.Bc4 Be7 6.O-O O-O 7.Re1 c6 8.a4 a5
9.h3 exd4 10.Nxd4 d5 11.exd5 Nb6 12.Bb3 Nbxd5 13.Nxd5 Nxd5 14.Bxd5 cxd5 15.Bf4 Ra6
16.Qf3 Be6 17.Rad1 Qc8 18.Qg3 Rd8 19.Re3 Qd7 20.Rde1 Bf8 21.b3 Rc8 22.Be5 Bf5
23.Nxf5 Qxf5 24.c3 Qc2 25.Bd4 Rg6 26.Qh4 Qxb3 27.Re8 Qc4 28.Qe7 Rxe8 29.Qxe8 Qc7
30.Re5 h6 31.Rxd5 Re6 32.Be5 Qc4 33.Qb5 Qe4 34.Bg3 b6 35.Re5 Rxe5 36.Qxe5 Qxa4
37.Qb8 Qc6 38.Bc7 a4  0-1

[Event "39th TCh-GRE"]
[Site "Eretria GRE"]
[Date "2011.07.04"]
[Round "2.7"]
[White "Kalofonos,P"]
[Black "Oikonomou,Panagiotis Ch."]
[Result "1-0"]
[WhiteElo "1713"]
[BlackElo "1496"]

1.e4 c6 2.Nc3 d6 3.d4 Nf6 4.f4 Bg4 5.Nf3 d5 6.e5 Nfd7 7.h3 Bxf3 8.Qxf3 e6
9.Bd3 c5 10.f5 Qh4+ 11.Kd1 cxd4 12.fxe6 fxe6 13.g3 Qe7 14.Nb5 Nxe5 15.Qh5+ Ng6
16.Bxg6+ Kd7 17.Rf1 Kc8 18.Rf7 Qb4 19.Rc7+ Kd8 20.Bg5+  1-0

[Event "86th ch-Paris IdF"]
[Site "Paris FRA"]
[Date "2011.07.04"]
[Round "3.4"]
[White "Fedorchuk,S"]
[Black "Moussard,J"]
[Result "1-0"]
[WhiteElo "2618"]
[BlackElo "2426"]

1.e4 d6 2.d4 Nf6 3.Nc3 e5 4.Nf3 Nbd7 5.Bc4 Be7 6.O-O O-O 7.a4 c6 8.Ba2 b6
9.h3 Bb7 10.Re1 Qc7 11.Nh4 Rfe8 12.Nf5 Bf8 13.dxe5 dxe5 14.Qf3 Rad8 15.Bg5 g6
16.Ne3 Be7 17.Ng4 Nxg4 18.Qxf7+ Kh8 19.Bxe7 Rf8 20.Bxf8 Rxf8 21.Qe7 Ngf6
22.Rad1 Re8 23.Qd6 Qd8  1-0

[Event "ch-NED Women"]
[Site "Boxtel NED"]
[Date "2011.07.05"]
[Round "10"]
[White "Haast,A"]
[Black "Peng Zhaoqin"]
[Result "0-1"]
[WhiteElo "2221"]
[BlackElo "2375"]

1.e4 d6 2.d4 Nf6 3.Nc3 e5 4.dxe5 dxe5 5.Qxd8+ Kxd8 6.Bg5 Bd6 7.O-O-O Nd7
8.Bc4 Ke8 9.f3 a6 10.a4 h6 11.Bh4 Bc5 12.Nge2 c6 13.Kb1 b5 14.Bb3 Be7 15.Bf2 Nc5
16.Nc1 b4 17.N3e2 a5 18.Ng3 g6 19.Nf1 Ba6 20.Ne3 Nfd7 21.Bc4 Nxa4 22.Nb3 Bc8
23.Ng4 f6 24.Be6 h5 25.Ne3 Nab6 26.Nd2 Bc5 27.Rhf1 Ba6 28.Nec4 Bxf2 29.Rxf2 Ke7
30.Bxd7 Bxc4 31.Nxc4 Nxc4 32.Bxc6 Rad8 33.Bd5 Ne3 34.Rd3 Nxd5 35.exd5 Kd6
36.b3 h4 37.c4 bxc3 38.Rxc3 Rc8 39.Kb2 Rxc3 40.Kxc3 Rc8+ 41.Kd3 Rc5 42.Ra2 Rxd5+
43.Ke2 Rb5 44.Ra4 g5 45.Kf2 f5 46.h3 Kc6 47.Ke2 Kb6 48.Ra3 Rd5 49.Ra1 Kb5
50.Ra4 Rd4 51.Ra2 Rb4 52.Ra3 g4 53.hxg4 fxg4 54.fxg4 Rxg4 55.Kf3 Rg3+ 56.Kf2 e4
57.Ra4 Rxb3 58.Rxe4 Rb4 59.Re5+ Ka4 60.Ke3 Rg4 61.Rh5 Kb4 62.Rh8 a4 63.Kd3 Kb3
64.Rb8+ Rb4 65.Rc8 a3 66.Rc3+ Kb2 67.Rc2+ Kb1  0-1

[Event "TCh-TUR 2011"]
[Site "Konya TUR"]
[Date "2011.07.05"]
[Round "9"]
[White "Kanmazalp,O"]
[Black "Sirin,A"]
[Result "1/2-1/2"]
[WhiteElo "2404"]
[BlackElo "2230"]

1.e4 d6 2.d4 Nf6 3.Nc3 c6 4.f4 Qa5 5.e5 Ne4 6.Bd3 Nxc3 7.Qd2 d5 8.bxc3 c5
9.Nf3 c4 10.Be2 g6 11.a4 Bf5 12.O-O e6 13.h3 h5 14.Ng5 h4 15.Ba3 Bxa3 16.Rxa3 Nd7
17.Rb1 Rb8 18.Rb5 Qa6 19.Ra2 b6 20.Qc1 Qc8 21.Qa3 a6 22.Rb1 Qd8 23.Bf3 Qe7
24.Qc1 Rb7 25.Rab2 Kd8 26.Ra2 Kc8 27.Qe1 Kb8 28.Qd1  1/2-1/2

[Event "6th Polonia Wroclaw Open A"]
[Site "Wroclaw POL"]
[Date "2011.07.05"]
[Round "3"]
[White "Suliborski,J"]
[Black "Kubien,J"]
[Result "0-1"]
[WhiteElo "1967"]
[BlackElo "2191"]

1.e4 Nf6 2.Nc3 d6 3.d4 c6 4.Bg5 Nbd7 5.Nf3 e5 6.Be2 Be7 7.Qd2 Qc7 8.h3 O-O
9.g4 Re8 10.Bxf6 Bxf6 11.g5 Be7 12.d5 Nf8 13.O-O-O Ng6 14.h4 Bf8 15.h5 Nf4
16.Rdg1 a6 17.Nh4 b5 18.g6 b4 19.gxh7+ Kh8 20.Nd1 cxd5 21.exd5 Qa5 22.Bc4 Bd7
23.Kb1 Rac8 24.Ne3 Qb6 25.Nf3 Be7 26.Ng5 Rf8 27.Bd3 f5 28.Ne6 Bxe6 29.dxe6 Qd4
30.Rd1 e4 31.Bxa6 Qxd2 32.Rxd2 Rc5 33.Bc4 Kxh7 34.Bb3 Re5 35.Nc4 Rxe6 36.Na5 Rh6
37.Nc6 Bg5 38.Rdd1 Nxh5 39.Nxb4 f4 40.Rd5 Nf6 41.Rxh6+ Bxh6 42.Rxd6 Ng4 43.c3 Nxf2
44.Bc2 f3 45.Nd5 Nd3  0-1

[Event "XXXIV Open"]
[Site "Barbera del Valles ESP"]
[Date "2011.07.06"]
[Round "3"]
[White "Canal Oliveras,J"]
[Black "Amores Gago,Javier"]
[Result "1-0"]
[WhiteElo "2247"]
[BlackElo "2041"]

1.e4 d6 2.d4 Nf6 3.Nc3 Nbd7 4.g4 h6 5.g5 hxg5 6.Bxg5 e5 7.Nf3 c6 8.Qd2 Qc7
9.O-O-O a6 10.Bg2 b5 11.Nh4 g6 12.Kb1 Be7 13.f4 exd4 14.Qxd4 c5 15.Nd5 Qd8
16.Qe3 Bb7 17.Rhe1 O-O 18.Nxe7+ Qxe7 19.e5 Bxg2 20.Nxg2 dxe5 21.fxe5 Nxe5
22.Qxe5 Qxe5 23.Rxe5 Rad8 24.Rf1 Ng4 25.Bxd8 Nxe5 26.Be7 Re8 27.Bxc5 Nc4
28.Re1 Rd8 29.Kc1 Rd2 30.Rg1 Rd5 31.Bf2 Rf5 32.Bg3 Rc5 33.Re1 Kg7 34.Ne3 Nb6
35.Ng4 Rg5 36.Be5+  1-0

[Event "39th TCh-GRE"]
[Site "Eretria GRE"]
[Date "2011.07.06"]
[Round "5.5"]
[White "Georgiadis,I"]
[Black "Zygouris,H"]
[Result "1-0"]
[WhiteElo "2464"]
[BlackElo "2240"]

1.e4 d6 2.d4 Nf6 3.Nc3 e5 4.Nf3 Nbd7 5.Bc4 Be7 6.O-O O-O 7.Re1 c6 8.a4 a5
9.b3 h6 10.Bb2 exd4 11.Qxd4 Nc5 12.Rad1 Be6 13.e5 dxe5 14.Qxe5 Nfd7 15.Qg3 Bf6
16.Bxe6 Nxe6 17.Ne5 Bxe5 18.Rxe5 Qe7 19.Ree1 Ndc5 20.Ne4 Nxe4 21.Rxe4 Rfd8
22.Rde1 Qd6 23.Be5 Qd5 24.h4 Rd7 25.Rg4 f5 26.Rg6 Kh7 27.h5 Qd2 28.Bc3 f4
29.Rxh6+ Kg8 30.Qg6 Nf8 31.Bxd2 Nxg6 32.Rxg6 Rxd2 33.Re7 Rxc2 34.Rgxg7+ Kh8
35.Rh7+  1-0

[Event "39th TCh-GRE"]
[Site "Eretria GRE"]
[Date "2011.07.06"]
[Round "5.7"]
[White "Markidis,K"]
[Black "Lagopatis,N"]
[Result "1/2-1/2"]
[WhiteElo "2330"]
[BlackElo "2181"]

1.e4 d6 2.d4 Nf6 3.Nc3 c6 4.a4 Qa5 5.Bd2 Qc7 6.h3 e5 7.Nf3 Be7 8.Bd3 Nbd7
9.O-O O-O 10.Re1 a5 11.Ne2 Re8 12.Ng3 Bf8 13.c3 g6 14.Qc1 Bg7 15.Bh6 Nf8
16.Qd2 Kh8 17.Rad1 Ng8 18.Be3 h6 19.Bc4 Kh7 20.Qc2 Nf6 21.dxe5 dxe5 22.Qb3 Be6
23.Nd2 N6d7 24.Qa3 Rab8 25.b4 axb4 26.cxb4 b5 27.Bxe6 Nxe6 28.a5 Nd4 29.Bxd4 exd4
30.Nb3 c5 31.bxc5 b4 32.Qa2 Rec8 33.Ne2 Nxc5 34.Nexd4 Nxb3 35.Nxb3 Qf4 36.Rd3 Rc3
37.Qe2 Rbc8 38.Red1 R8c4 39.Rxc3 Rxc3 40.Rd3 Qc7 41.Rf3 Be5 42.g3 Kg7 43.Kg2 Qc6
44.h4 h5 45.Rxc3 bxc3 46.f4 Qa4 47.Qc2 Bd4 48.a6 Kh7 49.Nxd4 Qxd4 50.a7 Qd2+
51.Qxd2 cxd2 52.a8=Q d1=Q 53.e5 Qe2+ 54.Kg1 Qe3+ 55.Kh2 Qe2+ 56.Qg2 Qe3 57.Qc2 Kg7
58.Kg2 Kg8  1/2-1/2

[Event "19th Klatovy Open"]
[Site "Klatovy CZE"]
[Date "2011.07.06"]
[Round "5"]
[White "Lacina,A"]
[Black "Turner,Ja"]
[Result "0-1"]
[WhiteElo "2227"]
[BlackElo "2390"]

1.e4 d6 2.d4 Nf6 3.Nc3 e5 4.Nf3 Nbd7 5.Bc4 Be7 6.O-O O-O 7.Re1 c6 8.a4 Qc7
9.Ba2 a5 10.Bg5 Re8 11.h3 Nf8 12.Be3 Ng6 13.Ng5 Rf8 14.Nf3 h6 15.Nh2 Kh7
16.Nf1 Be6 17.Ng3 Rad8 18.d5 Bc8 19.Qd2 Rde8 20.Re2 Nh4 21.Kh2 Qd7 22.Rh1 Nxe4
23.Ncxe4 f5 24.Bg5 fxe4 25.Bxh4 Bxh4 26.Nxe4 cxd5 27.Bxd5 Qc7 28.Rd1 Kh8
29.Kg1 Bf5 30.b3 Rd8 31.Qe3 b6 32.Rd3 Rb8 33.Rc3 Qd8 34.Rc6 Be7 35.Rd2 Bd7
36.Rc3 b5 37.axb5 Rxb5 38.Rcd3 Qb6 39.Qg3 Bf5 40.Rf3 Rb4 41.Re3 a4 42.bxa4 Rxa4
43.Rb3 Qa6 44.Qd3 Qa5 45.Rd1 Rd4  0-1

[Event "TCh-TUR 2011"]
[Site "Konya TUR"]
[Date "2011.07.06"]
[Round "10"]
[White "Nikolova,A"]
[Black "Ushenina,A"]
[Result "0-1"]
[WhiteElo "2333"]
[BlackElo "2468"]

1.e4 d6 2.d4 Nf6 3.Nc3 e5 4.Nf3 Nbd7 5.Bc4 Be7 6.O-O O-O 7.Re1 a6 8.a4 b6
9.Ba2 Bb7 10.h3 c6 11.Nh4 b5 12.Nf5 b4 13.Nb1 exd4 14.Qxd4 c5 15.Qd3 Ne5
16.Qg3 Nh5 17.Nxe7+ Qxe7 18.Bg5 Qc7 19.Qh4 g6 20.f4 Nc6 21.Nd2 Nd4 22.Rac1 Rfe8
23.g4 Ng7 24.Bf6 d5 25.Qh6 Nge6 26.Be5 Qd8 27.exd5 f6 28.dxe6 b3 29.f5 fxe5
30.fxg6 Qd6  0-1

[Event "Lev Polugaevsky Mem"]
[Site "Samara RUS"]
[Date "2011.07.06"]
[Round "2"]
[White "Pasiev,R"]
[Black "Kokarev,Dm"]
[Result "0-1"]
[WhiteElo "2313"]
[BlackElo "2596"]

1.e4 d6 2.d4 Nf6 3.Nc3 c6 4.Nf3 Bg4 5.Be3 e6 6.h3 Bh5 7.Bd3 d5 8.e5 Nfd7
9.g4 Bg6 10.Bxg6 hxg6 11.Qd3 c5 12.dxc5 Nxc5 13.Bxc5 Bxc5 14.O-O-O Nc6 15.Qe2 Qa5
16.Kb1 Qb4 17.Nb5 O-O-O 18.c3 Qf4 19.Nbd4 Bb6 20.Nxc6 bxc6 21.Nd4 Kb7 22.Rd3 Rd7
23.Re1 Rc8 24.Rf3 Qg5 25.Qd1 Ka8 26.Qa4 Rb7 27.Re2 Qe7 28.Rd3 g5 29.Qd1 c5
30.Nb5 c4 31.Rf3 Bc5 32.Nd4 Rb6 33.Rfe3 Rcb8 34.Rd2 Ra6 35.Rf3 Qc7 36.Re2 Qa5
37.b4 cxb3 38.Nxb3 Rxb3+  0-1

[Event "6th Polonia Wroclaw Open A"]
[Site "Wroclaw POL"]
[Date "2011.07.06"]
[Round "4"]
[White "Shkapenko,P"]
[Black "Kot,J"]
[Result "1/2-1/2"]
[WhiteElo "2413"]
[BlackElo "2186"]

1.d4 d6 2.e4 Nf6 3.Nc3 e5 4.dxe5 dxe5 5.Qxd8+ Kxd8 6.Bg5 c6 7.O-O-O+ Nd7
8.Nf3 Ke8 9.g3 Ng4 10.Rd2 h6 11.Bh3 Nxf2 12.Rxf2 hxg5 13.Bxd7+ Bxd7 14.Nxe5 Be6
15.Nd3 Bd6 16.e5 Bc7 17.Ne4 Bd5 18.Re1 Bb6 19.Nd6+ Kf8 20.Rff1 Be6 21.Nxf7 Bxf7
22.e6 Re8 23.Rxf7+ Kg8 24.Rf5 Rxh2 25.Rxg5 Bd8 26.Rf5 Rg2 27.Rf3 Bc7 28.Nf4 Rxg3
29.Rff1 Rg4 30.Nd3 Rg6 31.Rf7 Bg3 32.Ref1 Rgxe6 33.Rxb7 R8e7 34.Rb4 Re4 35.Kd2 Rxb4
36.Nxb4 Re6 37.Nd3 Bd6 38.Re1 Kf7 39.Rxe6 Kxe6 40.Ke3 Kd5 41.c3 a5 42.b3 g5
43.c4+ Ke6 44.Ke4 g4 45.c5 Bc7 46.b4 g3 47.Kf3 a4 48.Nb2 Kd5 49.a3 Kd4 50.Nxa4 Kc4
51.Nb6+ Kb3 52.Nc8 Kxa3  1/2-1/2

[Event "TCh-TUR 2011"]
[Site "Konya TUR"]
[Date "2011.07.07"]
[Round "11"]
[White "Galkin,A"]
[Black "Gagunashvili,M"]
[Result "1/2-1/2"]
[WhiteElo "2598"]
[BlackElo "2603"]

1.e4 d6 2.d4 Nf6 3.Nc3 e5 4.dxe5 dxe5 5.Qxd8+ Kxd8 6.Bc4 Ke8 7.f3 h6 8.Be3 Bd6
9.Nge2 Ke7 10.Kf2 Be6 11.Bxe6 Kxe6 12.Nb5 a6 13.Nxd6 cxd6 14.Nc3 Nc6 15.Rhd1  1/2-1/2

[Event "WCh-IPCA Open A"]
[Site "Piestany SVK"]
[Date "2011.07.07"]
[Round "6"]
[White "Bernardi,R"]
[Black "Koszela,S"]
[Result "1-0"]
[WhiteElo "2162"]
[BlackElo "1872"]

1.e4 d6 2.d4 Nf6 3.Nc3 Nbd7 4.f4 e5 5.Nf3 exd4 6.Qxd4 c6 7.Be3 Be7 8.O-O-O O-O
9.e5 dxe5 10.fxe5 Bc5 11.Qxc5 Nxc5 12.Rxd8 Rxd8 13.exf6 Ne6 14.fxg7 Kxg7
15.Bd3 Nf8 16.Bd4+ Kg8 17.Ne4 Ng6 18.Nf6+ Kg7 19.Bc3 Be6 20.Rf1 h6 21.h4 Kf8
22.Nd4 Nxh4 23.Nxe6+ fxe6 24.Nh7+ Kg8 25.Nf6+ Kf7 26.Ne4+ Ke8 27.Rf6 Nxg2
28.Rxe6+ Kd7 29.Nc5+ Kc8 30.Bf5 Kc7 31.Re2 Rd5 32.Be5+ Kb6 33.Nd7+ Ka6 34.Rxg2 Re8
35.Bd3+ b5 36.Nf6 Rdxe5 37.Nxe8 Rxe8 38.a4 Re6 39.b4 Kb6 40.a5+ Kc7 41.Rg7+ Kd6
42.Rxa7 Ke5 43.c3 Kf4 44.Ra6 Ke5 45.Bxb5  1-0

[Event "ch-BEL"]
[Site "Antwerp BEL"]
[Date "2011.07.08"]
[Round "7.4"]
[White "Hautot,S"]
[Black "Vandenbussche,T"]
[Result "1-0"]
[WhiteElo "2405"]
[BlackElo "2348"]

1.e4 d6 2.d4 Nf6 3.Nc3 e5 4.Nf3 Nbd7 5.Bc4 Be7 6.O-O O-O 7.Re1 c6 8.a4 a5
9.h3 exd4 10.Qxd4 Nc5 11.Bf4 Be6 12.Rad1 Qb6 13.Bxe6 fxe6 14.Bxd6 Bxd6 15.Qxd6 Rad8
16.Qe5 Nfd7 17.Qd4 Qxb2 18.Qe3 Qb4 19.Rd4 Qb6 20.Rd6 Na6 21.Red1 Ndc5 22.e5 Rde8
23.Rb1 Qc7 24.Nd2 Nd7 25.Nc4 Rf7 26.Ne4 Nb4 27.Qa7 Rf4 28.Qd4 Nd5 29.Nxa5 Re7
30.Nxb7 c5 31.Nbxc5 Nxc5 32.Qxc5 Rxe4 33.Rxd5 Rxa4 34.Qxc7 Rxc7 35.Rd8+ Kf7
36.Rbb8 Re4 37.Rf8+ Ke7 38.Rbe8+ Kd7 39.Rf7+ Kxe8 40.Rxc7 Kf8 41.Rc5 g5 42.Kf1 Kf7
43.f3 Rd4 44.Ke2 h5 45.g4 Ra4 46.Rc7+ Kg6 47.Re7 Ra6 48.Kd3 h4 49.Kd4 Ra1
50.Rxe6+ Kg7 51.Ke4 Rh1 52.Kf5 Rxh3 53.Kxg5 Rxf3 54.Kxh4 Rc3 55.Kg5 Rxc2
56.Re7+ Kf8 57.Ra7 Rc6 58.Kf5 Rb6 59.g5 Rb1 60.Kf6 Rf1+ 61.Ke6 Rg1 62.Ra8+ Kg7
63.Kd7 Rxg5 64.e6 Rd5+ 65.Kc6 Re5 66.Kd6 Re1 67.e7 Rd1+ 68.Kc5 Rc1+ 69.Kb4 Rb1+
70.Kc3  1-0

[Event "2nd Borloy Mem FSGM"]
[Site "Budapest HUN"]
[Date "2011.07.08"]
[Round "6.1"]
[White "Szablowski,P"]
[Black "Lorscheid,G"]
[Result "1/2-1/2"]
[WhiteElo "2433"]
[BlackElo "2265"]

1.e4 d6 2.d4 Nf6 3.Nc3 e5 4.Nf3 Nbd7 5.Bc4 Be7 6.O-O O-O 7.Re1 c6 8.a4 b6
9.b3 a6 10.d5 c5 11.Bd3 Nh5 12.g3 g6 13.Bh6 Ng7 14.Nd2 f5 15.Nc4 Nf6 16.f3 Rb8
17.Qe2 fxe4 18.Nxe4 Nxe4 19.fxe4 Rf7 20.Rf1 Rxf1+ 21.Rxf1 Nh5 22.Ne3 Nf6
23.Bg5 Ra8 24.Kg2 Kg7 25.Qd2 Ng8 26.Bxe7 Qxe7 27.Nc4 Rb8 28.Rb1 a5 29.Rf1 Nf6
30.h3 h6 31.Qe3 Ba6 32.Nd2 Bc8 33.Nc4 Ba6 34.Nd2 Bc8 35.Bb5 Bb7 36.Nc4 Bc8
37.Nd2 Bb7 38.Nc4 Bc8 39.c3 Bd7 40.Bxd7 Nxd7 41.Rb1 Nf6 42.Qf3 Qc7 43.Rf1 Rf8
44.Qe2 Rb8 45.Qf3 Rf8 46.Qe2 Rb8 47.Na3 Qe7 48.Re1 Nh5 49.Qg4 Nf6 50.Qe2 Nh5
51.Nb5 Rf8 52.Qe3 Rc8 53.Na3 Rf8 54.Rf1 Rc8 55.Qf3 Rb8 56.Nb5 Rb7 57.Qg4 Nf6
58.Qe2 Nh5 59.Qf3 Rb8 60.Qg4 Nf6 61.Qf3 Rb7 62.Na3 Nh5 63.Nc4 Nf6 64.g4 Rb8
65.h4 Rf8 66.Qe2 Rb8 67.h5 gxh5 68.Ne3 Kh7 69.Nf5 Qf7 70.Nxd6 Qg6 71.Qf3 Rf8
72.Qf5 Qxf5 73.Rxf5 Kg7 74.Rxe5 hxg4 75.Nc4 Rb8 76.Re7+ Kg6 77.d6 h5 78.d7 h4
79.e5 Nxd7 80.Rxd7 b5 81.axb5 Rxb5 82.Rd6+ Kg5 83.Nd2 c4 84.Nxc4 Rxb3 85.Rd3 Rb7
86.e6 Re7 87.Nxa5 Rxe6 88.Rd5+ Kf4 89.Rd4+ Re4 90.Rxe4+ Kxe4  1/2-1/2

[Event "TCh-TUR 2nd League 2011"]
[Site "Konya TUR"]
[Date "2011.07.08"]
[Round "7"]
[White "Akcan,U"]
[Black "Tuncer,U"]
[Result "1/2-1/2"]
[WhiteElo "2142"]
[BlackElo "2303"]

1.e4 d6 2.d4 Nf6 3.Nc3 c6 4.a4 Nbd7 5.Nf3 e5 6.Be2 Be7 7.O-O O-O 8.h3 Re8
9.Be3 exd4 10.Bxd4 Bf8 11.Bd3 Ne5 12.Bxe5 dxe5 13.Bc4 Qxd1 14.Rfxd1 h6 15.Rd3 Bb4
16.Na2 Ba5  1/2-1/2

[Event "ch-Central Serbia Int Open A"]
[Site "Paracin SRB"]
[Date "2011.07.08"]
[Round "1.42"]
[White "Bojovic,D"]
[Black "Suc,T"]
[Result "1-0"]
[WhiteElo "2320"]
[BlackElo "2025"]

1.e4 d6 2.d4 Nf6 3.Nc3 e5 4.Nf3 Nbd7 5.h3 c6 6.a4 Be7 7.Be3 O-O 8.Be2 d5
9.exd5 e4 10.Nd2 cxd5 11.g4 Nb8 12.g5 Ne8 13.h4 Bb4 14.h5 Bxc3 15.bxc3 Nd6
16.Bg4 Nf5 17.Bf4 Re8 18.Bxf5 Bxf5 19.Nf1 Nc6 20.Ne3 Qd7 21.Qb1 Be6 22.a5 b6
23.axb6 axb6 24.Rxa8 Rxa8 25.Kd2 Qb7 26.h6 b5 27.hxg7 b4 28.Qb2 bxc3+ 29.Qxc3 Ra4
30.Ra1 Rxd4+ 31.Kc1 Rb4 32.Qc5 Kxg7 33.Nxd5 Bxd5 34.Qxd5 Qb5 35.Qxb5 Rxb5
36.Ra4 Nb4 37.Bd2 Nc6 38.Rxe4 Kg6 39.Rh4 Rc5 40.Be3  1-0

[Event "Lev Polugaevsky Mem"]
[Site "Samara RUS"]
[Date "2011.07.08"]
[Round "4"]
[White "Pasiev,R"]
[Black "Murtazin,Bulat"]
[Result "1-0"]
[WhiteElo "2313"]
[BlackElo "1964"]

1.e4 d6 2.d4 Nf6 3.Nc3 c6 4.Be3 Nbd7 5.f3 e5 6.Qd2 Be7 7.O-O-O Qc7 8.g4 h6
9.Nge2 a6 10.Ng3 b5 11.Nf5 Bb7 12.Nxg7+ Kd8 13.Nf5 Bf8 14.dxe5 dxe5 15.Nxh6 Bxh6
16.Bxh6 Ke7 17.Bg5 Rad8 18.Qe3 b4 19.Ne2 c5 20.Ng3 Nb6 21.Nf5+ Ke6 22.Rxd8 Qxd8
23.Qxc5 Rg8 24.Bc4+ Nxc4 25.Qxc4+  1-0

[Event "Lev Polugaevsky Mem"]
[Site "Samara RUS"]
[Date "2011.07.08"]
[Round "4"]
[White "Smirnov,P"]
[Black "Chuprov,D"]
[Result "1-0"]
[WhiteElo "2558"]
[BlackElo "2531"]

1.d4 d6 2.e4 Nf6 3.Nc3 e5 4.Nf3 exd4 5.Nxd4 Be7 6.g3 O-O 7.Bg2 c5 8.Nf5 Bxf5
9.exf5 Nc6 10.O-O Re8 11.Bf4 Nd4 12.g4 h6 13.Nd5 Nxd5 14.Bxd5 Bg5 15.Bg3 Qb6
16.c3 Ne2+ 17.Kg2 Nxg3 18.hxg3 Bf6 19.Rb1 Re7 20.f4 Rae8 21.Rf2 Qa6 22.g5 Re2
23.gxf6 gxf6 24.Rxe2 Rxe2+ 25.Kh3 Kf8 26.Bxb7 Qxa2 27.Bd5 Qa6 28.c4 Re7 29.Qh5 Ke8
30.Qxh6 Kd7 31.Qxf6 Qa4 32.b4  1-0

[Event "ch-BEL Open"]
[Site "Antwerp BEL"]
[Date "2011.07.09"]
[Round "8.12"]
[White "Leenaerts,R"]
[Black "Barbier,Wie"]
[Result "1-0"]
[WhiteElo "2186"]
[BlackElo "1907"]

1.e4 d6 2.d4 Nf6 3.Nc3 e5 4.Nf3 Nbd7 5.Bc4 Be7 6.O-O O-O 7.a4 a5 8.Re1 c6
9.h3 Qc7 10.Be3 exd4 11.Nxd4 Nb6 12.Bb3 Nfd7 13.Nce2 Nc5 14.Ng3 Nxb3 15.Nxb3 c5
16.Bd2 Bf6 17.c3 Bd7 18.Nh5 Be7 19.Nc1 g6 20.Nf4 Bc6 21.Qc2 Qd7 22.c4 Bf6
23.Ra2 Rfe8 24.b3 Qe7 25.f3 Bh4 26.Rd1 Bd7 27.Bc3 f5 28.Nce2 fxe4 29.Qxe4 Qxe4
30.fxe4 Nc8 31.e5 dxe5 32.Rxd7 exf4 33.Rg7+ Kf8 34.Rxh7 g5 35.Nxf4 Re3 36.Ng6+ Kg8
37.Rg7+  1-0

[Event "13th Mahalla Open"]
[Site "El-Mahalla El-Kubra EGY"]
[Date "2011.07.09"]
[Round "6"]
[White "Abdel Fatah,Mohamed Hamed"]
[Black "Ameir,M"]
[Result "1-0"]
[WhiteElo "1999"]
[BlackElo "2158"]

1.e4 d6 2.d4 Nf6 3.Nc3 Nbd7 4.Nf3 e5 5.Be2 Be7 6.g4 h6 7.Rg1 c6 8.h4 exd4
9.Qxd4 Qb6 10.g5 hxg5 11.hxg5 Qxd4 12.Nxd4 Ng8 13.Nf5 g6 14.Nxe7 Nxe7 15.Bf4 d5
16.O-O-O Nb6 17.Be5 Rh4 18.Rh1 Rxh1 19.Rxh1 Be6 20.exd5 cxd5 21.Nb5 Kd7 22.Nd6 Nc6
23.Bf4 Nd4 24.Bd3 Nc4 25.c3 Nxd6 26.Bxd6 Rc8 27.Be5 Nc6 28.Bf6 Kd6 29.Kd2 a6
30.Re1 b5 31.b4 Ra8 32.a3 Bd7 33.f4 Re8 34.Ra1 Bf5 35.a4 Bxd3 36.Kxd3 Re4
37.axb5 axb5 38.Ra6 Kc7 39.Ra8 Kd7 40.Ra6 Re8 41.Rb6 Rb8 42.Ra6 Rb7 43.Ke3 Nb8
44.Ra8 Ke6 45.Be5 Nc6 46.Ra6 Kd7 47.Bf6 Rb8 48.Kd3 Rb7 49.Be5 d4 50.Bxd4 Kd6
51.Ke4 Kd7 52.Be5 Nxe5 53.Kxe5 Ke7 54.Rc6  1-0

[Event "St Pauli Open"]
[Site "Hamburg GER"]
[Date "2011.07.09"]
[Round "1.27"]
[White "Andersen,Je"]
[Black "Preuss,F"]
[Result "1/2-1/2"]
[WhiteElo "2186"]
[BlackElo "1991"]

1.e4 d6 2.d4 Nf6 3.Nc3 e5 4.Nf3 Nbd7 5.Bc4 Be7 6.O-O O-O 7.a4 c6 8.Qe2 b6
9.h3 a6 10.Bg5 Qc7 11.Bb3 Bb7 12.dxe5 dxe5 13.Nh4 Nc5 14.Nf5 Nxb3 15.cxb3 Bc8
16.Rfe1 Be6 17.b4 b5 18.Qe3 Rfe8 19.Qg3 Bxf5 20.exf5 Nh5 21.Qg4 Bxg5 22.Qxg5 Nf6
23.Re3 h6 24.Qg3 a5 25.Rc1 Qd7 26.axb5 cxb5 27.Rxe5 axb4 28.Nxb5 Qd2 29.Rce1 Rxe5
30.Rxe5 Qxb2 31.Re1 Qd2 32.Qe3 Rd8 33.Qxd2 Rxd2 34.Rb1 Nd5 35.g3 Kf8 36.Kf1 Ke7
37.Ke1 Ra2 38.Rd1 Nf6 39.Rb1 Ne4 40.Rxb4 Nxf2 41.Rd4 Nxh3 42.Nc3 Ng5 43.Kf1 Rc2
44.Nd5+ Ke8 45.f6 Kf8 46.fxg7+ Kxg7 47.Ne3 Ra2 48.g4 Kf6 49.Rd6+ Ne6 50.Rd7 Ra4
51.Nf5 h5 52.Nh6 Rf4+ 53.Kg1 Rxg4+ 54.Nxg4+ hxg4 55.Kf2 Kg6 56.Re7 Ng7 57.Rxf7 Kxf7  1/2-1/2

[Event "5th LCT Open A"]
[Site "Leiden NED"]
[Date "2011.07.09"]
[Round "2"]
[White "MacKinnon,K"]
[Black "Hasangatin,R"]
[Result "0-1"]
[WhiteElo "2201"]
[BlackElo "2515"]

1.e4 d6 2.d4 Nf6 3.Nc3 e5 4.Nf3 Nbd7 5.Bc4 Be7 6.O-O O-O 7.Re1 c6 8.a4 exd4
9.Nxd4 Ne5 10.Ba2 Re8 11.h3 Bd7 12.Bf4 Qb6 13.Bb3 Rad8 14.Bg3 a5 15.f4 Ng6
16.Bf2 Qc7 17.Qf3 Bc8 18.g4 Nd7 19.g5 Nc5 20.Ba2 d5 21.e5 Ne6 22.Nxe6 fxe6
23.Ne2 b6 24.Qg4 Bc5 25.Bd4 Ba6 26.c3 Qf7 27.Bb1 Bxe2 28.Bxg6 Qxg6 29.Qxe2 Bxd4+
30.cxd4 c5 31.Qe3 Qf5 32.Ra3 Rc8 33.Rf1 cxd4 34.Qxd4 Rc4 35.Qxb6 Rxf4 36.Rxf4 Qxf4
37.Qe3 Rf8 38.Qxf4 Rxf4 39.Rb3 Rxa4 40.Rb8+ Kf7 41.Rb7+ Kg6 42.Re7 Kf5 43.Rxg7 Rh4
44.Ra7 Rxh3 45.Rxa5 Kxg5 46.b4 Rb3 47.Rb5 Kf4 48.Rb7 Kxe5  0-1